000
00301nam a22001217a 4500
040
_c
SY
082
_a
598
100
_a
ស៊ុន ហ៊ាន
245
_a
លក្ខណៈជីវសាស្រ្តសត្វព្រៃ
260
_a
RUA
_b
ស៊ុន
_c
NA
300
_a
47p.
942
_c
KB
999
_c
9911
_d
9911